书目信息 |
| 题名: |
遥感图像森林资源信息提取与分析研究
|
|
| 作者: | 葛宏立 , 方陆明 著 | |
| 分册: | ||
| 出版信息: | 北京 科学出版社 2007.08 |
|
| 页数: | 190页 | |
| 开本: | 26cm | |
| 丛书名: | ||
| 单 册: | ||
| 中图分类: | S757.2 | |
| 科图分类: | ||
| 主题词: | 遥感技术--应用--森林资源调查--研究 , 遥感技术 , 森林资源调查 | |
| 电子资源: | ||
| ISBN: | 978-7-03-019896-9 | |
| 000 | 00873nam0 2200265 450 | |
| 001 | 003615457 | |
| 005 | 20091202091404.29 | |
| 010 | @a978-7-03-019896-9@dCNY32.00 | |
| 100 | @a20070402d2007 em y0chiy0110 ea | |
| 101 | 0 | @achi |
| 102 | @aCN@b110000 | |
| 105 | @aa z 000yy | |
| 106 | @ar | |
| 200 | 1 | @a遥感图像森林资源信息提取与分析研究@9yao gan tu xiang sen lin zi yuan xin xi ti qu yu fen xi yan jiu@f葛宏立,方陆明著 |
| 210 | @a北京@c科学出版社@d2007.08 | |
| 215 | @a190页@c图@d26cm | |
| 330 | @a本书介绍了作者在遥感图像森林资源信息提取和空间分析方面所做的一些研究工作。 | |
| 606 | 0 | @a遥感技术@x应用@x森林资源调查@x研究 |
| 606 | 0 | @a遥感技术 |
| 606 | 0 | @a森林资源调查 |
| 690 | @aS757.2@v4 | |
| 701 | 0 | @a葛宏立@9ge hong li@f(1960~)@4著 |
| 701 | 0 | @a方陆明@9fang lu ming@f(1961~)@4著 |
| 801 | 0 | @aCN@bNLC@c20091202 |
| 905 | @b794246-50@dS757.2@e39@f5 | |
| 遥感图像森林资源信息提取与分析研究/葛宏立,方陆明著.-北京:科学出版社,2007.08 |
| 190页:图;26cm |
| ISBN 978-7-03-019896-9:CNY32.00 |
| 本书介绍了作者在遥感图像森林资源信息提取和空间分析方面所做的一些研究工作。 |
| ● |
| 相关链接 |
|
|
|
|
正题名:遥感图像森林资源信息提取与分析研究
索取号:S757.2/39
 
预约/预借
| 序号 | 登录号 | 条形码 | 馆藏地/架位号 | 状态 | 备注 |
| 1 | 794246 | 207942468 | 第二样本阅览室/ [索取号:S757.2/39] | 在馆 | |
| 2 | 794247 | 207942477 | 第三借阅区/ [索取号:S757.2/39] | 在馆 | |
| 3 | 794248 | 207942486 | 第三借阅区/ [索取号:S757.2/39] | 在馆 | |
| 4 | 794249 | 207942495 | 第三借阅区/ [索取号:S757.2/39] | 在馆 | |
| 5 | 794250 | 207942501 | 密集书库-资源管理系/ [索取号:S757.2/39] | 在馆 |